| 000 | 00458nam a2200169Ia 4500 | ||
|---|---|---|---|
| 008 | 180921t1994 xxu||||| |||| 00| 0 sin d | ||
| 041 | _asin | ||
| 080 |
_a61(1-82) _bTHA |
||
| 245 | _aතල් පතේ පිළියමි | ||
| 246 | _aThal pathe piliyam | ||
| 260 |
_bDepartment of Ayurveda _c1994 |
||
| 300 | _a326p., 22 cm | ||
| 650 |
_aAyurveda _aPalmleaf manuscript |
||
| 942 | _cBK | ||
| 999 |
_c16852 _d16852 |
||
| 003 | LK-CoDNM | ||
| 040 |
_aLK-CoDNM _dLK-CoDNM _eLK-CoDNM |
||